000 01923nam a2200277 a 4500
001 000006467
003 DO-SdBNP
005 20260316133432.0
008 090831s1985 dr r 001 0 spa d
040 _aDO-SdBNP
_bspa
_cBNPHU
082 4 _a339.5
_bG956p
100 1 _aGuiliani Cury, Hugo
_96465
245 1 0 _aPolíticas de estabilización /
_cHugo Guiliani Cury ; prólogo Orlando Haza.
260 _aSanto Domingo :
_bBanco Central de la República Dominicana,
_c1985.
300 _a160 p. ;
_c22 cm.
504 _aIncluye referencias bibliográficas y notas al pie de las páginas
505 0 _aComparecencia ante la Cámara de Diputados --
_tDiscurso en el acto de inauguración del Seminario sobre Liberalización Comercial y Financiera --
_tDiscurso en la tercera sesión plenaria de la XXVI Reunión Anual de la Asamblea de Gobernadores del Banco Interamericano de Desarrollo --
_tLecciones sobre políticas de estabilización, XL Reunión de Gobernadores de Bancos Centrales Latinoamericanos y de Espana --
_tDiscurso ante la Vigésima Sexta Reunión del Comité de Desarrollo del Banco Mundial y del Fondo Monetario Internacional --
_tLa necesidad del ajuste en la economía dominicana --
_tLa evolución del proceso de estabilización y la deuda externa --
_tComentarios a la ponencia ¨Proceso de ajuste y perspectivas de desarrollo¨ del Dr. Aldo Ferrer, presidente del Banco de Desarrollo de Bueno Aires --
_t¨El proceso de renegociación de la deuda externa¨ --
_tApéndice.
590 _aInventariado, 2018/BT
650 7 _aEstabilidad económica
_zRepública Dominicana
_949587
_2LIBRUNAM
650 7 _aPolítica monetaria
_zRepública Dominicana
_930588
_2LIBRUNAM
650 0 _aDeuda externa
_zRepública Dominicana
_930422
651 4 _aRepública Dominicana
_xPolítica Económica
_9643
700 1 2 _aHaza, Orlando,
_epról.
_914838
910 _aValidado. Control de calidad. MFF
942 _2ddc
_cLBS1
999 _c6260
_d6260